| 000 | 00830nam a2200241Ia 4500 | ||
|---|---|---|---|
| 003 | GCL | ||
| 008 | 140319s9999 xx 000 0 ara d | ||
| 020 | _a9058437977 | ||
| 040 |
_aGCL / _cGCL |
||
| 082 | 0 | 4 |
_a792.029 _bس س |
| 100 | 1 | _aنادية كامل | |
| 245 | 1 | 0 |
_aسينوغرافيا المسرح الغربى / _cنادية كامل |
| 700 | 1 | _aسورجير، ان | |
| 700 | 1 | _aمنى صفوت | |
| 260 |
_aالقاهرة : _bوزارة الثقافة - مهرجان القاهرة الدولى للمسرح التجريبى ، _c2006 |
||
| 300 |
_a276 ص ؛ _c24 سم |
||
| 650 | 0 | 4 | _aالتذوق المسرحى |
| 650 | 0 | 4 | _aالفنون المسرحية |
| 650 | 0 | 4 | _aالتمثيل فى المسرح |
| 650 | 0 | 4 | _aالمسارح - ديكور |
| 650 | 0 | 4 | _aالمسارح - تصميم |
| 942 |
_2ddc _cBK |
||
| 999 |
_c9055 _d9055 |
||